000 01243nam a2200277 a 4500
001 000022458
005 20241028100804.0
008 101011d2001 dr a 001 0 spa d
020 _a9993477109
040 _aDO-SdBNP
_bspa
_cBNPHU
082 _a304.84607293
_bB142d
100 1 _aBaéz Evertsz, Carlos Julio
_946288
245 1 0 _aDominicanos en España, españoles en Santo Domingo /
_cCarlos J. Baéz Evertsz ; presentación Porfirio García Fernández.
260 _aSanto Domingo :
_bUniversitaria-UASD,
_c2001.
300 _a132 p. :
_bil. ;
_c21 cm.
500 _aIncluye datos biográficas del autor en la solapa de la cubierta
504 _aBibliografía : p. 127-132
505 2 _aLa inmigración en España --
_tLos inmigrantes dominicanos en España --
_tSeis tesis erróneas sobre la inmigración --
_tPolíticas de migración y la emigración española a Santo Domingo --
_tFuturible.
590 _aInventariado, 2018/VM
650 0 _aDominicanos en España
_92176
650 4 _aEspañoles en república dominicana
_946289
650 4 _aPolítica de migración
_943642
650 4 _aPolítica de inmigración
_946290
710 1 _aUniversidad Autónoma de Santo Domingo
_972951
910 _aValidado. Control de calidad MFF
999 _c21956
_d21956